| 000 | 00759nam a2200217 u 4500 | ||
|---|---|---|---|
| 005 | 20231019063641.0 | ||
| 008 | 120504s2009 ag r 000 0 spa d | ||
| 020 | _a9789875382695 | ||
| 035 | _aUPN01000184355 | ||
| 049 | _aCG | ||
| 050 | 4 |
_aLB1028.43 _bB3.4 |
|
| 100 | 1 | _aBajarlía, Gabriel E. | |
| 245 | 1 | 0 |
_aDocente de sala y computadoras : _b¿qué obstaculiza su integración? : una mirada construída desde su formación / _cGabriel E. Bajarlía, Primavera Bajarlía. |
| 260 |
_aBuenos Aires : _bNovedades Educativas, _c2009. |
||
| 300 | _a140 p. | ||
| 440 | 0 |
_a0 a 5 : la educación en los primeros años ; _v78 |
|
| 650 | 4 |
_aComputadoras en la educación _94976 |
|
| 700 | 1 |
_aBajarlía, Primavera, _ecoaut. |
|
| 905 | _aLibro | ||
| 999 |
_c156458 _d156458 |
||